Když zazpívají křídlovky /

Hlavní autor: Pěnčík, Stanislav, 1939-2004
Jazyk: Čeština
Vydáno: Břeclav : Moraviapress, 1998-2002
Praha : Editio Bärenreiter Praha
Vydání: 1. vyd.
Témata:
Externí odkaz: Digitalizovaný dokument
Fyzický popis: 2 sv. (357; 322 s.) : il., portréty, noty ; 24 cm
Odebírané svazky: 1-2
Language note: Německé resumé
Knihy
Uloženo v:
LEADER 02387nam a22006012aa4500
001 001900663
003 CZ BrMZK
005 20240809114055.0
007 ta
008 240628m19982002xr er|||||||||||cze d
015 |a cnb001251362 
020 |a 80-86181-01-4  |q (1. díl ;  |q váz.) 
020 |a 80-86385-18-3  |q (2. díl ;  |q brož.) :  |c Kč 199,00 
035 |a (OCoLC)40092452 
040 |a ABA001  |b cze  |d BOA001 
041 0 |a cze  |b ger 
043 |a e-xr---  |b e-xr-jm  |2 czenas 
045 |a w-x- 
072 7 |a 78.07  |x Hudebníci, skladatelé a jiná hudební povolání  |2 Konspekt  |9 9 
080 |a 78.031.4  |2 MRF 
080 |a 78.071.1/.2:39  |2 MRF 
080 |a 785.12  |2 MRF 
080 |a 785.12.071  |2 MRF 
080 |a 78-027.22  |2 MRF 
080 |a (437.322)  |2 MRF 
080 |a (082)  |2 MRF 
080 |a (0:82-94)  |2 MRF 
100 1 |a Pěnčík, Stanislav,  |d 1939-2004  |7 jn20000810063  |4 aut 
245 1 0 |a Když zazpívají křídlovky /  |c Stanislav Pěnčík ; [fotografie Arnošt Moravec ... et al.] 
250 |a 1. vyd. 
260 |a Břeclav :  |b Moraviapress,  |c 1998-2002 
260 3 |3 2002  |a Praha :  |b Editio Bärenreiter Praha 
300 |a 2 sv. (357; 322 s.) :  |b il., portréty, noty ;  |c 24 cm 
504 |a Obsahuje bibliografie 
546 |a Německé resumé 
648 7 |a 19.-20. století  |7 ch757015  |2 czenas 
650 0 7 |a dechové orchestry  |7 ph119355  |z Česko  |2 czenas 
650 0 7 |a hudební život  |7 ph135177  |z Česko  |y 19.-20. století  |2 czenas 
650 0 7 |a lidová hudba  |7 ph122303  |z Česko  |2 czenas 
650 0 7 |a lidoví hudebníci  |7 ph122326  |z Česko  |2 czenas 
650 0 7 |a dechová hudba  |7 ph119353  |z Česko  |2 czenas 
651 7 |a Slovácko (Česko)  |7 ge130858  |2 czenas 
655 7 |a vzpomínky  |7 fd133830  |2 czenas 
655 7 |a sborníky  |7 fd163935  |2 czenas 
856 4 1 |u http://www.digitalniknihovna.cz/mzk/uuid/uuid:1b2a3e60-39e8-11e9-9fd6-5ef3fc9ae867  |y Digitalizovaný dokument  |x NDK 
910 |a BOA001  |b 2-1045.379  |s 1-2 
920 |a 000317709 
920 |a 000656113 
990 |a BK 
991 |b 202406 
996 6 |b 2610071251  |c 2-1045.379  |d 1.  |v 1  |l MZK  |r Sklad / do 1 hodiny  |n 6  |p p.v.  |w 001969203  |u 000010  |a 1  |e BOA001  |j MZK50  |s P 
996 7 |b 2610122848  |c 2-1045.379  |d 1.  |v 1  |l MZK  |r Sklad / do 1 hodiny  |n 13  |p p.v.  |w 001969203  |u 000020  |a 1  |e BOA001  |j MZK50  |s A 
996 6 |b 2610183657  |c 2-1045.379  |d 2.  |v 2  |l MZK  |r Sklad / do 1 hodiny  |n 20  |p p.v.  |w 001969203  |u 000030  |a 1  |e BOA001  |j MZK50  |s P